Vocabulary at your fingertips / (Record no. 18434)

MARC details
000 -LEADER
fixed length control field 00809nam a22002297a 4500
008 - FIXED-LENGTH DATA ELEMENTS--GENERAL INFORMATION
fixed length control field 081114t xxu||||| |||| 00| 0 eng d
010 ## - LCCN (DPL NO)
LC control number ENG-91382
020 ## - INTERNATIONAL STANDARD BOOK NUMBER
International Standard Book Number 9788125919056
Terms of availability 125.00
035 ## - SYSTEM CONTROL NUMBER
System control number EN-74915
037 ## - SOURCE OF ACQUISITION
Source of stock number/acquisition DBAD / PUB
040 ## - CATALOGING SOURCE
Original cataloging agency dpl
Language of cataloging English
082 ## - DEWEY DECIMAL CLASSIFICATION NUMBER
Classification number 483
100 ## - MAIN ENTRY--PERSONAL NAME
Personal name Sreevalsan, M.C.
245 ## - TITLE STATEMENT
Title Vocabulary at your fingertips /
Statement of responsibility, etc by M.C. Sreevalsan
260 ## - PUBLICATION, DISTRIBUTION, ETC. (IMPRINT)
Place of publication, distribution, etc New Delhi
Name of publisher, distributor, etc Vikas Publishing House
Date of publication, distribution, etc 2007
270 ## - ADDRESS
Address 576, Masjid Road, Jangpura
City New Delhi
Postal code 110014
300 ## - PHYSICAL DESCRIPTION
Extent xii, 195p.
Dimensions 20cm (pbk)
500 ## - GENERAL NOTE
General note Includes index
650 ## - SUBJECT ADDED ENTRY--TOPICAL TERM
Topical term or geographic name as entry element English language
General subdivision Grammar
942 ## - ADDED ENTRY ELEMENTS (KOHA)
Source of classification or shelving scheme Dewey Decimal Classification
Item type English Books
Call number suffix SRE
Classification part 483
Holdings
Withdrawn status Lost status Source of classification or shelving scheme Damaged status Not for loan Collection code Home library Current library Date acquired Source of acquisition Cost, normal purchase price Total Checkouts Full call number Barcode Date last seen Copy number Cost, replacement price Koha item type
    Dewey Decimal Classification   Not For Loan Non-fiction D.B.Act.Division D.B.Act.Division 14/11/2008 DBAD / PUB 125.00   483 SRE EN-74915 14/11/2008 1 125.00 English Books

© Delhi Public Library
Hit Counter
free hit counter